Normal view
MARC view
Entry Personal Name
001 - CONTROL NUMBER
- control field: 9208
003 - CONTROL NUMBER IDENTIFIER
- control field: ARRUPE
005 - DATE AND TIME OF LATEST TRANSACTION
- control field: 20140320143628.0
008 - FIXED-LENGTH DATA ELEMENTS
- fixed length control field: 140320|| aca||aabn | a|a d
040 ## - CATALOGING SOURCE
- Original cataloging agency: ARRUPE
- Transcribing agency: ARRUPE
100 ## - HEADING--PERSONAL NAME
- Personal name: Bent, J. Theodore
- Fuller form of name: (James Theodore),
- Dates associated with a name: 1852-1897.
670 ## - SOURCE DATA FOUND
- Source citation: Work cat.: (ARRUPE)0: Bent, J. Theodore (James Theodore), 1852-1897., The ruined cities of Mashonaland;, 1892.